000 00450nam a22001697a 4500
999 _c26948
_d26948
003 BDDh-ASL
005 20231015030714.0
008 211020n xx ||||| |||| 00| 0 u d
040 _aBDDh-ASL
_cBDDh-ASL
082 _a297.3
_bNUS
100 1 _95273
_aNurullah, Mir Mohammad Hayat
245 1 0 _aSirajul Hayat : / سراج الحيات
260 _bHyderi Press ,
300 _a191 p. :
_c24 cm.
650 0 _91652
_aIslam
942 _2ddc
_cBK